[Event "EU-ch U14 Girls"]
[Site "Prague"]
[Date "2024.08.22"]
[Round "1"]
[White "Strazhnyk, Viktoriia"]
[Black "Haasova, Timea"]
[Result "1/2-1/2"]
[WhiteElo "1613"]
[BlackElo "1890"]
[PlyCount "68"]
[EventDate "2024.08.22"]
[EventType "swiss"]
[EventRounds "9"]
[EventCountry "CZE"]
[SourceTitle "CBM 221 Extra"]
[Source "ChessBase"]
[SourceDate "2024.09.30"]
[SourceVersion "1"]
[SourceVersionDate "2024.09.30"]
[SourceQuality "1"]

1. e4 c5 2. Nf3 e6 3. d4 cxd4 4. Nxd4 Nf6 5. Nc3 Nc6 6. f3 Bb4 7. Be3 d5 8. Nxc6 bxc6 9. a3 Bxc3+ 10. bxc3 dxe4 11. Qxd8+ Kxd8 12. 0-0-0+ Kc7 13. Bf4+ Kb6 14. a4 Nd5 15. Be5 exf3 16. gxf3 f6 17. Bd6 Ba6 18. c4 Ne3 19. c5+ Kb7 20. Bxa6+ Kxa6 21. Rde1 Nf5 22. Rxe6 Rhe8 23. Rhe1 Nxd6 24. cxd6 Rxe6 25. Rxe6 Rd8 26. Kb2 Kb6 27. Kc3 Kc5 28. Re7 Kxd6 29. Rxg7 Rd7 30. Rg1 Kc5 31. Rg4 a6 32. Rf4 Rf7 33. Rf5+ Kd6 34. Kc4 Rf8 1/2-1/2

[Event "Prague Golden U20 Rapid op 19th"]
[Site "Prague"]
[Date "2024.06.22"]
[Round "6"]
[White "Lutskiy, Mikhail"]
[Black "Strazhnyk, Viktoriia"]
[Result "0-1"]
[WhiteElo "1763"]
[BlackElo "1642"]
[PlyCount "88"]
[EventDate "2024.06.22"]
[EventType "swiss (rapid)"]
[EventRounds "7"]
[EventCountry "CZE"]
[SourceTitle "EXT 2025"]
[Source "ChessBase"]
[SourceDate "2024.10.14"]
[SourceVersion "1"]
[SourceVersionDate "2024.10.14"]
[SourceQuality "1"]

1. e4 e6 2. d4 d5 3. Nc3 Nf6 4. Bg5 Be7 5. e5 Nfd7 6. Bxe7 Qxe7 7. f4 c5 8. Nb5 Na6 9. Nd6+ Kf8 10. Bxa6 bxa6 11. Nf3 Nb6 12. Ng5 f6 13. Ngf7 Rg8 14. dxc5 Nc4 15. Nxc4 dxc4 16. Nd6 Bd7 17. 0-0 Bb5 18. a4 Bc6 19. Ra3 f5 20. Rh3 g5 21. fxg5 Rxg5 22. Rg3 Rxg3 23. hxg3 Qg5 24. Qe1 Ke7 25. Qc3 Rg8 26. Nxc4 Bd5 27. Ne3 Bc6 28. g4 f4 29. Nc4 Qxg4 30. Rf2 Qd1+ 31. Kh2 Rg5 32. Rf3 Bxf3 33. Qxf3 Rh5+ 34. Qh3 Rxh3+ 35. gxh3 Qxc2+ 36. Kg1 Qxc4 37. Kh1 f3 38. Kg1 Qxc5+ 39. Kf1 Qxe5 40. Kf2 Qe2+ 41. Kg3 f2 42. h4 f1Q 43. h5 Qeg2+ 44. Kh4 Qfh1# 0-1